| 000 | 00655nmc a2200253 a 4500 | ||
|---|---|---|---|
| 003 | AR-BaBNM | ||
| 005 | 20251128202709.0 | ||
| 008 | 107019s1974 ||||||||||||||000 | spa|| | ||
| 040 | _cAR-BaBNM | ||
| 100 | 1 | _aMainar, Horacio L. | |
| 245 | 1 | 0 |
_aEl capitán Vermejo _bcuentos históricos |
| 250 | _a2ª ed. | ||
| 260 |
_aBuenos Aires _bGuadalupe _c1974 |
||
| 300 | _a126 p. | ||
| 490 | 0 |
_aEl mirador _vv. 3 |
|
| 650 | 4 | _aLITERATURA ARGENTINA | |
| 650 | 4 | _aLITERATURA INFANTIL | |
| 650 | 4 | _aLIBROS PARA NINOS | |
| 653 | _aNARRATIVA | ||
| 655 | _aLITERATURA | ||
| 800 | 1 |
_aPastoriza de Etchebarne, Dora _edirector |
|
| 942 | _cBK | ||
| 998 | _cMARTIN | ||
| 999 |
_c163 _d163 |
||